Statistics for Biggest Cities in Trentino

Click here to take the quiz!

General Stats

  • This quiz has been taken 10 times
  • The average score is 9 of 15

Answer Stats

Population (2022)City% Correct
39.819Rovereto
100%
118.509Trento
100%
17.767Riva del Garda
88%
17.673Arco
63%
7.162Cles
63%
8.142Levico Terme
63%
5.510Mezzocorona
63%
21.468Pergine Valsugana
63%
8.755Ala
50%
6.981Borgo Valsugana
50%
7.453Mezzolombardo
50%
10.045Mori
50%
9.161Lavis
38%
5.262Ledro
13%
6.819Predaia
0%

Score Distribution

Percentile by Number Answered

Percent of People with Each Score

Your Score History

You have not taken this quiz